|
|
|
|
| LEADER |
00000cam a2200000 7i4500 |
| 001 |
0000024839 |
| 005 |
20130531.0 |
| 008 |
130531 nyu e eng |
| 020 |
|
|
|a 9780071284219 ,
|c RM588.00
|
| 040 |
|
|
|a INS
|
| 090 |
0 |
0 |
|a CD 474
|
| 100 |
1 |
|
|a Cengel,Yunus A.
|
| 245 |
1 |
0 |
|a Fluid mechanics :
|b Fundamentals and applications :
|b video disc
|c Yunus A.Cengel, John M.Cimbala
|
| 250 |
|
|
|a 2nd ed.
|
| 260 |
|
|
|a New York,America :
|b McGraw-Hill Education ,
|c 2006
|
| 300 |
|
|
|a 1video disc :
|b sd.,col., ill. ;
|c 4 3/4 in.
|
| 500 |
|
|
|a Includes index
|
| 650 |
|
0 |
|a Fluid dynamics
|
| 700 |
1 |
|
|a Cimbala, John M.
|
| 999 |
|
|
|a CD00000474
|b VIDEO CD
|c Media Collection
|e Default branch
|